000 01319cam a22003857a 4500
003 CHAP
005 20220329142049.0
008 990519d1997 mx a r 00010 spa d
010 _a77850
011 _a78822
020 _a9681652401
035 _a88923
040 _cCHAP
082 0 4 _a523.115
_bD8
100 0 0 _aDultzin, Déborah.
_934449
245 1 0 _aCausares :
_ben los confines del universo
_c/por Déborah Dultzin
260 _aMéxico, D.F. :
_bFondo de Cultura Económica,
_c1997.
300 _a160 p. :
_bilus.
410 2 1 _aFondo de Cultura Económica
490 3 _aLa ciencia para todos
_v; 53
590 _aBATCH-UPD
_b10
_c20130110
_lUCH01
_h0830
590 _aBATCH-UPD
_b10
_c20130410
_lUCH01
_h0507
590 _aBATCH-UPD
_b10
_c20130914
_lUCH01
_h0424
590 _aBATCH-UPD
_b10
_c20130914
_lUCH01
_h2022
590 _aCONVERSION
_b10
_c20130109
_lUCH01
_h1343
650 1 4 _aAstronomía.
_98199
650 1 4 _aCosmología.
_928452
810 0 0 _aFondo de Cultura Económica
_942096
830 0 3 _aLa ciencia para todos
_v; 53
_964201
901 _aBK
905 _aMayto Villalobos S.
942 _cLIBRO
949 _a523.115 D8
_bBC
_cLIBRO
_d33724000717393
_eLIBRO
_fc.2
_gI c./e.
_h95322
_i88923
_si
_t$38.00
949 _a523.115 D8
_bBC
_cLIBRO
_d33724000717401
_eLIBRO
_gI. c./e.
_h95321
_i88923
_si
_t$38.00
999 _c77850
_d77850